Statystyki dla Młody matczak dokończ tekst

Kliknij tutaj aby rozwiązać quiz!

Ogólne statystyki

  • Ten quiz został rozwiązany 17 razy
  • Średni wynik to 7 z 16

Statystyki odpowiedzi

TekstDokończenie% Poprawnych
Gram w LOL-a z chłopakamiNo i mam IQ rozgwiazdy
81%
Chwilę nie było mnieSorki spałem
81%
Pali się skunPali się coś jeszcze
69%
Kocham moją mamę i tatęPierdole tylko patologie
69%
Przyszła kelnerka i mówiPoproszę autograf
69%
Bo palę samA chciałbym z wami
56%
Rap płaci nam za ziołoI rap płaci nam za picie
56%
Humor w kratkę mam jak mój kapeluszAle nie martw się już
50%
Wolałbym żebyś nie kimałaAle w sumie możesz iść spać
50%
No i nie przypierdoli się niktO picie w miejscu publicznym
31%
Bo przegrało z drugim dzieckiemWalkę na talent
31%
No nic nie poradzęBiorę łyk
25%
Wszystkie moje wersyDedykuję moim sutką
25%
Nic nie mam na sumieniuA siedzę w odosobnieniu
19%
Chociaż raz oddzielić plastik od szkłaI papieru spraw wielu
19%
I nie tylko młodzieżBo spaliłem z dziadkiem grama
13%

Rozkład punktacji

Percentyl według liczby udzielonych odpowiedzi

Procent ludzi z każdym wynikiem

Twoja historia wyników

Nie rozwiązałeś tego quizu